6-Letter Blitz Quiz Stats

Quiz Updated Dec 23, 2013

Also try: 7-Letter Blitz
Challenge
Share
Tweet
Embed
Score 0/44 Timer 06:00
7 Plays Today
Category 6-Letter Word % Correct
Days of the WeekMonday, Friday, Sunday
92.5%
PlanetsUranus, Saturn
91.1%
ContinentsAfrica, Europe
90.6%
Snow White's 7 DwarfsSleepy, Sneezy, Grumpy
88.1%
Chess PiecesKnight, Bishop
87.7%
Written-Out NumbersEleven, Twelve, Twenty, Thirty...
87.5%
Santa's ReindeerDasher, Dancer, Donner
85.1%
US StatesKansas, Alaska, Hawaii, Nevada...
83.4%
European CountriesFrance, Greece, Norway, Sweden...
82.1%
ElementsSodium, Helium, Carbon, Silver...
81.8%
Original 64 CrayolaSalmon, Maroon, Orange, Yellow...
80.1%
Zodiac SignsCancer, Taurus, Gemini, Pisces
79.8%
Shakespeare Title CharactersJuliet, Hamlet, Antony, Caesar...
79.3%
US PresidentsTruman, Reagan, Hoover, Wilson...
78.4%
V8 IngredientsCelery, Carrot, Tomato
78.3%
European CapitalsMadrid, London, Lisbon, Berlin...
76.7%
MLB TeamsRed Sox, Angels, Braves, Royals...
70.7%
Spice Girls' 'Names'Sporty, Ginger
70.7%
US CapitalsJuneau, Denver, Boston, Austin...
70.3%
NFL TeamsGiants, Chiefs, Saints, Browns...
68.6%
Chinese ZodiacRabbit, Dragon, Monkey
64.8%
NBA TeamsLakers, Pacers, Knicks
63.9%
Category 6-Letter Word % Correct
Australian CapitalsHobart, Sydney, Darwin
60.4%
Sigourney Weaver MoviesAvatar, Aliens
55.9%
Quidditch PositionsKeeper, Seeker, Beater, Chaser
55.8%
NHL TeamsBruins, Devils, Flyers, Oilers...
55.5%
Old Testament BooksExodus, Joshua, Esther, Psalms...
54.7%
Canterbury Tales PilgrimsMiller, Knight, Squire, Parson...
53.3%
Cullen Clan VampiresEdward, Jasper, Emmett
52.3%
Oscar Best PicturesGandhi, Patton, Oliver!, Ben-Hur...
48.3%
NATO Phonetic AlphabetQuebec, Victor, Yankee, Sierra
47.7%
Literature NobelistsPinter, Heaney, Bellow, Neruda...
47.2%
AKC Dog BreedsBeagle, Collie, Vizsla, Poodle...
44%
Human Bones (Latin)Radius, Stapes, Cuboid, Coccyx...
42.8%
American Idol WinnersSparks, DeWyze
26.9%
12 Major Roman GodsApollo, Vulcan
23.7%
Pokémon (Gen 1)Raichu, Vulpix, Oddish, Mewtwo...
22.5%
Current British CountiesDorset, Durham, Surrey, Orkney...
22%
Harry Potter IncantationsCrucio, Portus, Reparo, Erecto...
15.5%
Pope NamesVictor, Julius, Sixtus, Martin...
13.2%
British Prime MinistersWilson, Attlee, Temple, Stuart...
13%
Euro-Replaced CurrenciesEscudo, Markka, Peseta, Koruna
12.4%
Canadian Prime MinistersMartin, Harper, Tupper, Borden...
11.1%
French KingsClovis, Robert, Philip
11.1%

You're not logged in!

Compare scores with friends on all Sporcle quizzes.
Join for Free
OR
Log In

You Might Also Like...

Show Comments

Extras

Top Quizzes Today


Score Distribution

Your Account Isn't Verified!

In order to create a playlist on Sporcle, you need to verify the email address you used during registration. Go to your Sporcle Settings to finish the process.

Report this User

Report this user for behavior that violates our Community Guidelines.

Details: